Normal view
MARC view
- Glaisher, James
Entry Personal Name
001 - CONTROL NUMBER
- control field: 49852
003 - CONTROL NUMBER IDENTIFIER
- control field: NUST
005 - DATE AND TIME OF LATEST TRANSACTION
- control field: 20210314134445.0
008 - FIXED-LENGTH DATA ELEMENTS
- fixed length control field: 210314|| aca||aabn | a|a d
040 ## - CATALOGING SOURCE
- Original cataloging agency: NUST
- Transcribing agency: NUST
100 ## - HEADING--PERSONAL NAME
- Personal name: Glaisher, James
670 ## - SOURCE DATA FOUND
- Source citation: Work cat.: (NUST): Guillemin, Amédée, 49850, The world of comets,, 1877.
